000 00714nam a22002297a 4500
999 _c14962
_d14962
003 AR-CdUCM
008 190425b ||||| |||| 00| 0 spa d
020 _a978-970-718-757-3
040 _aMUNICIPALIDAD PROVINCIAL DEL CUSCO
_cBIBLIOTECA MUNICIPAL DEL CUSCO
082 _aPI / 803.08 /
_bP51
110 _aPhidal publishing inc
_932623
245 _aEl rey león :
_b hakuna matata /
260 _aCanada :
_bPhidal publishing inc,
_c2011.
300 _c15 cm.
_bIlustración,
440 _aSilver dolphin en español
_933895
650 _aCuentos
_9217
650 _aInfantil
_96210
650 _aInfancia
_95236
700 _aGarzón, Jocelyn L.
_933945
942 _2ddc
_cLIBROS
945 _arah
_d25/04/2019